Asia: Most Populated Countries Map Quiz - Statistics

General Stats
  • This quiz has been taken 48 times
  • The average score is 11 of 12
Answers on the Map
Answers color-coded by a green-red scale on the quiz's map according to % correct below.
 
Answer Stats
Population Answer % Correct
1,423,370,651 China
100%
1,467,176,596 India
100%
286,286,840 Indonesia
98%
256,257,976 Pakistan
98%
92,622,406 Iran
95%
122,932,577 Japan
95%
71,606,098 Thailand
95%
101,752,433 Vietnam
95%
176,237,911 Bangladesh
93%
117,029,505 Philippines
93%
87,741,637 Turkey
90%
54,939,046 Myanmar
86%
No matching quizzes found
Score Distribution
Percent of People with Each Score
Percentile by Number Answered
Your Score History
You have not taken this quiz